Những ý tưởng Việt nam = Vietnam ideas
Tập hợp và giới thiệu những ý tưởng mang tính tích cực, tiến bộ và tác động mạnh mẽ tới sự phát triển xã hội của người Việt Nam: Bệnh viện máy tính, du lịch dã ngoại, tranh cát, rượu bưởi...
Enregistré dans:
| Format: | Livre |
|---|---|
| Langue: | Undetermined |
| Publié: |
Hà Nội
Thông Tấn
2005
|
| Sujets: | |
| Tags: |
Ajouter un tag
Pas de tags, Soyez le premier à ajouter un tag!
|
| Thư viện lưu trữ: | Trung tâm Học liệu Trường Đại học Cần Thơ |
|---|
| LEADER | 00901nam a2200205Ia 4500 | ||
|---|---|---|---|
| 001 | CTU_95715 | ||
| 008 | 210402s9999 xx 000 0 und d | ||
| 020 | |c 15000 | ||
| 082 | |a 658.47 | ||
| 082 | |b Nh556/T.1 | ||
| 245 | 0 | |a Những ý tưởng Việt nam = | |
| 245 | 0 | |b Vietnam ideas | |
| 245 | 0 | |c Ngô Thị Thuý Hằng, Nguyễn Thị Anh Thư biên soạn | |
| 260 | |a Hà Nội | ||
| 260 | |b Thông Tấn | ||
| 260 | |c 2005 | ||
| 520 | |a Tập hợp và giới thiệu những ý tưởng mang tính tích cực, tiến bộ và tác động mạnh mẽ tới sự phát triển xã hội của người Việt Nam: Bệnh viện máy tính, du lịch dã ngoại, tranh cát, rượu bưởi | ||
| 650 | |a Business intelligence | ||
| 904 | |i Tuyến | ||
| 980 | |a Trung tâm Học liệu Trường Đại học Cần Thơ | ||